Manažment domácej ošetrovateľskej starostlivosti II. : vysokoškolská učebnica /
Uložené v:
| Hlavní autori: | , , , , , , , , , |
|---|---|
| Ďalší autori: | |
| Médium: | Kniha |
| Jazyk: | Slovak |
| Vydané: |
Martin :
Osveta,
2022.
|
| Témy: | |
| ISBN: |
9788080635084 |
| Fyzický popis: |
717 strán, 1 nečíslovaná strána obrazovej prílohy : ilustrácie, tabuľky ; 24 cm. |
| Tagy: |
Pridať tag
Žiadne tagy, Buďte prvý kto otaguje tento záznam!
|
Titul je dostupný aj v ... 

MARC
| LEADER | 00000nam a2200000 i 4500 | ||
|---|---|---|---|
| 001 | 000678921 | ||
| 005 | 20220502134752.0 | ||
| 008 | 220316s2022 xo l f np 000 0dslo d | ||
| 020 | |a 9788080635084 |q (viazané) | ||
| 040 | |a SVKKK |b slo |c SVKKK |e rda | ||
| 041 | 0 | |a slo | |
| 044 | |a xo |c SK | ||
| 072 | 7 | |a 616 |x Patológia. Klinická medicína |2 konspekt | |
| 072 | 7 | |a 37.016 |x Učebné osnovy. Vyučovacie predmety. Učebnice |2 konspekt | |
| 080 | |a 616-083 |2 2011 | ||
| 080 | |a 616-071-083 |2 2011 | ||
| 080 | |a (075.8) |2 2011 | ||
| 100 | 1 | |a Kožuchová, Mária, |d 1950- |4 aut | |
| 245 | 1 | 0 | |a Manažment domácej ošetrovateľskej starostlivosti II. : |b vysokoškolská učebnica / |c Mária Kožuchová a kolektív. |
| 264 | 1 | |a Martin : |b Osveta, |c 2022. | |
| 300 | |a 717 strán, 1 nečíslovaná strána obrazovej prílohy : |b ilustrácie, tabuľky ; |c 24 cm. | ||
| 336 | |a text |b txt |2 rdacontent | ||
| 337 | |a bez média |b n |2 rdamedia | ||
| 338 | |a zväzok |b nc |2 rdacarrier | ||
| 504 | |a Bibliografia na strane 714-718 | ||
| 650 | 0 | 7 | |a ošetrovateľstvo |2 SVKKKPH |
| 650 | 0 | 7 | |a ošetrovateľská starostlivosť |2 SVKKKPH |
| 650 | 0 | 7 | |a ošetrovateľské diagnózy |2 SVKKKPH |
| 650 | 0 | 7 | |a nursing |2 SVKKKPHeng |
| 650 | 0 | 7 | |a nursing care |2 SVKKKPHeng |
| 650 | 0 | 7 | |a nursing diagnosis |2 SVKKKPHeng |
| 655 | 7 | |a učebnice vysokých škôl |2 SVKKKPH | |
| 655 | 7 | |a textbooks (higher) |2 SVKKKPHeng | |
| 700 | 1 | |a Bóriková, Ivana, |d 1962- |4 aut | |
| 700 | 1 | |a Ižová, Marcela, |d 1976- |4 aut | |
| 700 | 1 | |a Kalánková, Dominika |4 aut | |
| 700 | 1 | |a Karasová, Daniela |4 aut | |
| 700 | 1 | |a Kurucová, Radka, |d 1984- |4 aut | |
| 700 | 1 | |a Magerčiaková, Mariana, |d 1973- |4 aut | |
| 700 | 1 | |a Miertová, Michaela |4 ut | |
| 700 | 1 | |a Potašová, marina |4 aut | |
| 700 | 1 | |a Tomášová, Silvia |4 aut | |
| 700 | 1 | |a Zrubcová, Dana, |d 1971- |4 aut | |
| 910 | |a svkkk | ||
| 919 | |a 978-80-8063-508-4 | ||
| 998 | |a BK | ||
| 090 | |g SCKHL |k Sklad Hlavná 10 prízemie |a IV.242353 |j 1116015 |i 2720888488 |s Absenčne | ||
| 090 | |g SCKHL |k Sklad Hlavná 10 prízemie |a IV.242354 |j 1116016 |i 2720888489 |s Absenčne | ||
| 090 | |g SCKHL |k Sklad Hlavná 10 prízemie |a IV.246393 |j 1126828 |i 2721036407 |s Povinný výt. | ||